|
|
|
|
| LEADER |
00000cam a22000004a 4500 |
| 001 |
musev2_35778 |
| 003 |
MdBmJHUP |
| 005 |
20230905043749.0 |
| 006 |
m o d |
| 007 |
cr||||||||nn|n |
| 008 |
130805s2013 txu o 00 0 eng d |
| 020 |
|
|
|a 9780896728172
|
| 020 |
|
|
|z 0896728374
|
| 020 |
|
|
|z 9780896728370
|
| 020 |
|
|
|z 089672817X
|
| 035 |
|
|
|a (OCoLC)896890184
|
| 040 |
|
|
|a MdBmJHUP
|c MdBmJHUP
|
| 100 |
1 |
|
|a Majer, Diemut,
|e autor.
|
| 245 |
1 |
0 |
|a "Non-Germans" under the Third Reich :
|b The Nazi Judicial and Administrative System in Germany and Occupied Eastern Europe, with Special Regard to Occupied Poland, 1939-1945 /
|c Diemut Majer.
|
| 264 |
|
1 |
|a Lubbock, TX :
|b Texas Tech University Press,
|c 2013.
|
| 264 |
|
3 |
|a Baltimore, Md. :
|b Project MUSE,
|c 2014
|
| 264 |
|
4 |
|c ©2013.
|
| 300 |
|
|
|a 1 online resource (1077 pages).
|
| 336 |
|
|
|a text
|b txt
|2 rdacontent
|
| 337 |
|
|
|a computer
|b c
|2 rdamedia
|
| 338 |
|
|
|a online resource
|b cr
|2 rdacarrier
|
| 490 |
0 |
|
|a Modern jewish history
|
| 588 |
|
|
|a Description based on print version record.
|
| 650 |
1 |
4 |
|a National socialism.
|
| 650 |
1 |
4 |
|a Administrative law
|z Germany
|x History
|y 20th century.
|
| 650 |
1 |
4 |
|a Justice, Administration of
|z Germany
|x History
|y 20th century.
|
| 650 |
1 |
4 |
|a Aliens
|z Europe, Eastern
|x History
|y 20th century.
|
| 650 |
1 |
4 |
|a Aliens
|z Poland
|x History
|y 20th century.
|
| 650 |
1 |
4 |
|a Aliens
|z Germany
|x History
|y 20th century.
|
| 655 |
|
7 |
|a Electronic books.
|2 local
|
| 710 |
2 |
|
|a Project Muse.
|
| 710 |
2 |
|
|a Project Muse.
|e distributor
|
| 830 |
|
0 |
|a Book collections on Project MUSE.
|
| 856 |
4 |
0 |
|z Texto completo
|u https://projectmuse.uam.elogim.com/book/35778/
|
| 945 |
|
|
|a Project MUSE - Custom Collection
|
| 945 |
|
|
|a Project MUSE - 2014 History
|
| 945 |
|
|
|a Project MUSE - 2014 Jewish Studies
|
| 945 |
|
|
|a Project MUSE - 2014 Complete
|